[Event "Detroit op"]
[Site "Detroit"]
[Date "1999.12.18"]
[Round "6"]
[White "Menczer, David"]
[Black "McCrandell, James"]
[Result "1-0"]
[WhiteElo "1325"]
[BlackElo "1101"]
[PlyCount "43"]
[EventDate "1999.12.18"]
[EventType "swiss"]
[EventRounds "6"]
[EventCountry "USA"]
[SourceTitle "EXT 2007"]
[Source "ChessBase"]
[SourceDate "2006.11.23"]
[SourceVersion "1"]
[SourceVersionDate "2006.11.23"]
[SourceQuality "1"]

1. e4 e5 2. d4 exd4 3. c3 dxc3 4. Bc4 cxb2 5. Bxb2 Nf6 6. e5 Qe7 7. Qe2 Ng8 8. Nc3 c6 9. Nf3 g6 10. 0-0 Bg7 11. Ne4 Nh6 12. Nd6+ Kd8 13. Qc2 Na6 14. Ba3 c5 15. Qb3 Rf8 16. Nxb7+ Bxb7 17. Qxb7 Nc7 18. Rab1 d5 19. exd6 Qf6 20. dxc7+ Kd7 21. c8Q+ Kd6 22. Qcc6# 1-0